| 000 | 00809nam a2200229Ii 4500 | ||
|---|---|---|---|
| 003 | JO-AjNU | ||
| 008 | 230605s9999||||xx |||||||||||||| ||und|| | ||
| 017 | _a2007/10/3201 | ||
| 020 | _a978-9957-16-377-8 | ||
| 040 |
_aJO-AjNU _bara _erda _cJO-AjNU |
||
| 041 | _aara | ||
| 050 | 1 | 4 | _aHJ191.A7 Q29 2017 |
| 100 | 3 |
_aتأليف: القيسي، اعاد حمود, _eauthor _963863 |
|
| 245 | 0 | 0 | _aالمالية العامة والتشريع الضريبي |
| 250 | _aط 10 | ||
| 264 | 3 | 1 | _aعمان: دار الثقافة للنشر والتوزيع، 2017 |
| 300 |
_a215ص _bيحتوي على ملاحق من ص 205-215ص |
||
| 336 |
_atext _btxt _2rdacontent |
||
| 337 |
_aunmediated _bn _2rdamedia |
||
| 338 |
_avolume _bnc _2rdacarrier |
||
| 650 | 4 |
_aالضرائب - قوانين - الاردن _963864 |
|
| 999 |
_aA28990 _c32558 _d32558 |
||